000 02034nam a2200217 4500
999 _c510003
_d510003
008 190712b ||||| |||| 00| 0 eng d
100 _aPetriglieri, Gianpiero
_97031
245 _aAgony and ecstasy in the gig economy: cultivating holding environments for precarious and personalized work identities
260 _c2019
300 _ap.124-170.
520 _aBuilding on an inductive, qualitative study of independent workers—people not affiliated with an organization or established profession—this paper develops a theory about the management of precarious and personalized work identities. We find that in the absence of organizational or professional membership, workers experience stark emotional tensions encompassing both the anxiety and fulfillment of working in precarious and personal conditions. Lacking the holding environment provided by an organization, the workers we studied endeavored to create one for themselves through cultivating connections to routines, places, people, and a broader purpose. These personal holding environments helped them manage the broad range of emotions stirred up by their precarious working lives and focus on producing work that let them define, express, and develop their selves. Thus holding environments transformed workers’ precariousness into a tolerable and even generative predicament. By clarifying the process through which people manage emotions associated with precarious and personalized work identities, and thereby render their work identities viable and their selves vital, this paper advances theorizing on the emotional underpinnings of identity work and the systems psychodynamics of independent work. - Reproduced.
650 _aWork environment
_97032
650 _aWorking condition
_97033
650 _aEmotions development
_97034
650 _aInter personal relations
_97035
700 _aAshford, Susan J.
_97036
700 _aWrzesniewski, Amy
_97037
773 _aAdministrative Science Quarterly
906 _aOrganisation
942 _2ddc
_cAR